Central Library OPAC University of Rajshahi

Children of the developing countries; (Record no. 5328)

MARC details
000 -LEADER
fixed length control field 00788cam a22002651i 4500
001 - CONTROL NUMBER
control field 5328
003 - CONTROL NUMBER IDENTIFIER
rucl marc code BD-RjUL
005 - DATE AND TIME OF LATEST TRANSACTION
control field 20211208234040.0
008 - FIXED-LENGTH DATA ELEMENTS--GENERAL INFORMATION
fixed length control field 131224s1963 nyuaf b 001 0 eng d
035 ## - SYSTEM CONTROL NUMBER
System control number (BD-RjUL)5364
System control number (OCoLC)7077947
040 ## - CATALOGING SOURCE
Original cataloging agency DLC
Transcribing agency InAndC
Modifying agency NcRS
-- Uk
-- OCoLC
-- DLC
-- BD-RjUL
Language of cataloging eng
041 ## - LANGUAGE CODE
Language code of text/sound track or separate title eng
082 ## - DEWEY DECIMAL CLASSIFICATION NUMBER
Classification number 649.1
Author mark and year CHI 1963
110 2# - MAIN ENTRY--CORPORATE NAME
Corporate name or jurisdiction name as entry element UNICEF.
9 (RLIN) 16758
245 10 - TITLE STATEMENT
Title Children of the developing countries;
Remainder of title a report /
Statement of responsibility, etc. by UNICEF.
260 ## - PUBLICATION, DISTRIBUTION, ETC. (IMPRINT)
Place of publication, distribution, etc. New York :
Name of publisher, distributor, etc. World publishing,
Date of publication, distribution, etc. c1963.
300 ## - PHYSICAL DESCRIPTION
Pagination v, 131 p. :
Illustrations ill.[12] leaves of plates ;
Size 24 cm.
504 ## - BIBLIOGRAPHY, ETC. NOTE
Bibliography, etc Bibliography: p. 125-127.
650 #0 - SUBJECT ADDED ENTRY--TOPICAL TERM
Topical term or geographic name as entry element Child care.
9 (RLIN) 16750
651 #0 - SUBJECT ADDED ENTRY--GEOGRAPHIC NAME
Geographic name Developing countries.
9 (RLIN) 16751
942 ## - ADDED ENTRY ELEMENTS (KOHA)
Source of classification or shelving scheme Dewey Decimal Classification
Koha item type Books
Holdings
Lost status Source of classification or shelving scheme Damaged status Not for loan Collection code Permanent Location Current Location Shelving location Date acquired Source of acquisition Cost, normal purchase price Total Checkouts Full call number Date last seen Copy number Koha item type
  Dewey Decimal Classification   Not For Loan Non-fiction Central Library, University of Rajshahi Central Library, University of Rajshahi   28/09/1965 ZEITLINGER 32.00   649.1 CHI 1963 24/12/2013 C-1 Books